| 000 | 02169cam a22005054i 4500 | ||
|---|---|---|---|
| 003 | PE-LiUPU | ||
| 005 | 20250731173318.0 | ||
| 008 | 150625s2002 sp rb 000 0 spa d | ||
| 020 | _a8482673343 | ||
| 035 | _a(Sirsi) i9788482673349 | ||
| 040 |
_aPE-LiUPU _bspa _cPE-LiUPU _erda |
||
| 049 | _aPRUA | ||
| 082 | 0 | 4 |
_a225.66 _bL14 _221 |
| 100 | 1 |
_aLadd, George Eldon, _eautor. |
|
| 245 | 1 | 0 |
_aTeología del Nuevo Testamento / _cGeorge Eldon Ladd. |
| 264 | 1 |
_aBarcelona : _bClie, _c[2002] |
|
| 300 |
_a880 páginas ; _c23 centímetros. |
||
| 336 |
_atext _2rdacontent |
||
| 337 |
_aunmediated _2rdamedia |
||
| 338 |
_avolume _2rdacarrier |
||
| 490 | 0 |
_aColección Teológica Contemporánea. Estudios Teológicos ; _v2 |
|
| 504 | _aReferencias bibliográficas al pie de páginas. | ||
| 505 | 0 | _aLos Evangelios Sinópticos -- El cuarto Evangelio -- La Iglesia primitiva - Pablo -- Hebreos y las epístolas generales -- El Apocalipsis. | |
| 526 | _aSEG42 | ||
| 526 | _aSEG41 | ||
| 526 | _aSEG40 | ||
| 526 | _aSEG39 | ||
| 526 | _aP94 | ||
| 526 | _aP87 | ||
| 526 | _aP86 | ||
| 526 | _aP85 | ||
| 526 | _aP77 | ||
| 526 | _aP76 | ||
| 526 | _aP35 | ||
| 541 | _g003-0003441; | ||
| 541 | _g003-00032; | ||
| 630 |
_aBiblia. _pN.T. _xTeología. |
||
| 942 |
_2ddc _cBOOK |
||
| 949 |
_a225.66 L14 _wDEWEY _c1 _i57659 _d2016-5-19 _e2016-5-17 _lCCODEBUL1 _mBUL _n4 _p26.00 _r0 _sY _tBOOK _u2015-6-25 _xTEOLOGIA _zUNKNOWN _0COMPRA _o.STAFF. Colección General |
||
| 949 |
_a225.66 L14 _wDEWEY _c2 _i56925 _lCCODEBUL1 _mBUL _p23.00 _r0 _sY _tBOOK _u2015-6-25 _xTEOLOGIA _PP35 _0COMPRA _o.STAFF. Colección General |
||
| 994 |
_aC0 _bPEPRU |
||
| 596 | _a1 | ||
| 999 |
_a225.66 L14 _wDEWEY _c46069 _i57659 _d46069 _e2019-1-9 _f2021-11-9 _g5 _lCCODEBUL1 _mBUL _n5 _p26.00 _q8 _r0 _sY _tBOOK _u2015-6-25 _xTEOLOGIA _zUNKNOWN _0COMPRA _o.STAFF. Colección Teología |
||
| 999 |
_a225.66 L14 _wDEWEY _c2 _i56925 _d2019-5-16 _e2019-5-15 _f2021-11-9 _g5 _lCCODEBUL1 _mBUL _n2 _p23.00 _q2 _r0 _sY _tBOOK _u2015-6-25 _xTEOLOGIA _PP35 _0COMPRA _o.STAFF. Colección Teología |
||
| 980 |
_81 _gALBERTO SANCHEZ Responsable de Automatización |
||